Komplexný fortifikát krmív zvierat a/alebo hydiny

Bibliographic Details
Other Authors: Fabíni, Miroslav (Originator, Patent holder), Doboly, Tibor (Originator, Patent holder), Doboly, Adrián (Originator), Reichel, Peter, 1955- (Originator), Macho, Vendelín, 1931-2011 (Originator)
Format: Book
Language:Slovak
PhysicalDescription:9 s. tab. 30 cm
Published: [Banská Bystrica] Úrad priemyselného vlastníctva SR [2009]
Subjects:

MARC

LEADER 00000cam a2200000 a 4500
001 vtls009963927
003 SK-MaSNL
005 20260301083249.0
008 091027s2009 xo a j f000 0 slo
013 |a 286998  |b xo  |c patent  |d 20090907  |e dátum nadobudnutia účinkov patentu (Vestník ÚPV SR č.: 9/2009)  |d 20090817  |e dátum sprístupnenia patentu 
013 |a 86-2007  |e číslo prihlášky  |d 20070625  |e dátum podania prihlášky  |d 20090107  |e dátum zverejnenia prihlášky (Vestník ÚPV SR č.: 1/2009) 
015 |a SNBN2015 
040 |a SNK  |b slo  |c SNK  |e AACR2 
041 0 |a slo 
044 |a xo  |c SK 
072 7 |a 636  |x Živočíšna výroba  |2 konspekt 
080 |a 636.085/.087  |2 2001 
084 |a A23K 1/16  |2 IPC 
245 0 0 |a Komplexný fortifikát krmív zvierat a/alebo hydiny  |c Vendelín Macho ... [et al.] 
260 |a [Banská Bystrica]  |b Úrad priemyselného vlastníctva SR  |c [2009] 
300 |a 9 s.  |b tab.  |c 30 cm 
650 0 7 |a krmivá  |2 SNKPH  |9 2812 
650 0 7 |a Feeds  |2 SNKPHeng  |9 314590 
655 7 |a patenty  |2 SNKPH  |9 177343 
655 7 |a patent licenses  |2 SNKPHeng  |9 303430 
700 1 |a Fabíni, Miroslav  |4 org  |4 pth  |9 344088 
700 1 |a Doboly, Tibor  |4 org  |4 pth  |9 409837 
700 1 |a Doboly, Adrián  |4 org  |9 409838 
700 1 |a Reichel, Peter,  |d 1955-  |4 org  |9 195010 
700 1 |a Macho, Vendelín,  |d 1931-2011  |4 org  |9 159871 
999 |c 660121  |d 662051 
952 |a SNK  |b SNK  |y NEVYP  |7 1  |p 17A1135672  |o snkSK 286998  |i snk2014/24614  |8 0  |0 0  |1 0  |4 0  |d 2015-01-22  |l 0  |r 2026-02-23 18:51:07  |w 2026-02-23